00265nam a2200097Ia 4500008004100000041000800041100001300049245003900062260003500101700003100136250110s9999 xx 000 0 und d aeng aGupta R. aResidential School Of Architecture bFinal Year B. Arch, BNCAc2005 aGuide Name:Godbole Makrand